[Event "M.Botvinnik Memorial 2012"]
[Site "St. Petersburg, Russia"]
[Date "2012.08.31"]
[Round "7.106"]
[White "Timirev, Sergey"]
[Black "Levdansky, Alexey"]
[Result "1/2-1/2"]
[WhiteElo "1848"]
[BlackElo "1716"]
[PlyCount "70"]
[EventDate "2012.08.25"]

1. e4 c5 2. Nf3 Nc6 3. d4 cxd4 4. Nxd4 g6 5. c4 Nf6 6. Nc3 Bg7 7. Be3 O-O 8.
Be2 d6 9. O-O Bd7 10. Rc1 h5 11. Nxc6 bxc6 12. Qd2 Re8 13. c5 dxc5 14. Bxc5 Bg4
15. Qxd8 Raxd8 16. f3 Bc8 17. Bxa7 Rd2 18. b3 Nd7 19. Rfe1 c5 20. Bb5 Bd4+ 21.
Kh1 Rd8 22. Nd5 Kf8 23. Bxd7 Bxd7 24. Bxc5 Bxc5 25. Rxc5 Rxa2 26. b4 e6 27. Nf6
Kg7 28. Nxd7 Rxd7 29. h4 Rdd2 30. Rg1 Rab2 31. b5 Rd3 32. Rgc1 Rdd2 33. Rg1 Rd3
34. Rgc1 Rdd2 35. Rg1 Rd3 1/2-1/2

[Event "M.Botvinnik Memorial 2012"]
[Site "St. Petersburg, Russia"]
[Date "2012.08.31"]
[Round "?"]
[White "Tarakanova, Valeria"]
[Black "Bezobrazov, Lev"]
[Result "1-0"]
[WhiteElo "1767"]
[BlackElo "1675"]
[PlyCount "119"]
[EventDate "2012.08.25"]

1. e4 Nf6 2. Nc3 d5 3. e5 d4 4. exf6 dxc3 5. fxg7 cxd2+ 6. Qxd2 Qxd2+ 7. Bxd2
Bxg7 8. O-O-O Nc6 9. Bc4 Bd4 10. Ne2 Bc5 11. f3 Bd7 12. Nc3 Rg8 13. Ne4 Bd6 14.
Nxd6+ cxd6 15. Rhg1 a6 16. Bb3 Nd4 17. Bc4 Rc8 18. Bd3 h5 19. Bc3 Ne6 20. g3
Bc6 21. f4 Bf3 22. Rde1 Bg4 23. Rg2 Nf8 24. Rd2 Bd7 25. Be2 Bg4 26. Bxg4 Rxg4
27. Rxd6 h4 28. Bf6 Ne6 29. Rb6 exf6 30. f5 hxg3 31. hxg3 Kd7 32. fxe6+ fxe6
33. Rexe6 Rgc4 34. Rbd6+ Kc7 35. Rxf6 Kb8 36. c3 Rg4 37. Rg6 Re4 38. Rde6 Rxe6
39. Rxe6 Rg8 40. Re3 Kc7 41. Kc2 Kd6 42. b4 b5 43. Kb3 Kd5 44. Rd3+ Ke5 45. a4
Rg4 46. Re3+ Kd5 47. Rf3 Rc4 48. axb5 axb5 49. Rf5+ Kc6 50. Rf4 Rxf4 51. gxf4
Kd5 52. f5 Ke5 53. c4 Kxf5 54. cxb5 Ke6 55. Ka4 Kd7 56. Ka5 Kc7 57. Ka6 Kb8 58.
b6 Ka8 59. b7+ Kb8 60. b5 1-0

[Event "M.Botvinnik Memorial 2012"]
[Site "St. Petersburg, Russia"]
[Date "2012.08.31"]
[Round "7.108"]
[White "Panov, Konstantin"]
[Black "Lysukha, Nikita"]
[Result "1-0"]
[WhiteElo "1604"]
[BlackElo "1759"]
[PlyCount "81"]
[EventDate "2012.08.25"]

1. Nf3 d5 2. g3 e6 3. Bg2 Nf6 4. O-O Be7 5. d4 O-O 6. c3 c5 7. dxc5 Bxc5 8. b4
Be7 9. Nbd2 b6 10. Nb3 Bb7 11. a4 Nbd7 12. a5 Qc8 13. Qd3 Ba6 14. b5 Qc4 15.
Qxc4 dxc4 16. Nbd4 Bb7 17. a6 Bd5 18. Nd2 Rac8 19. Bb2 Bxg2 20. Kxg2 Nb8 21.
Ra4 Bc5 22. Nxc4 Bxd4 23. cxd4 Rfd8 24. Ne3 Nd5 25. Nxd5 Rxd5 26. Rb4 Nd7 27.
Rc1 Rxc1 28. Bxc1 Nf6 29. f3 Rd7 30. Rc4 Kf8 31. Rc8+ Ke7 32. Ba3+ Rd6 33.
Bxd6+ Kxd6 34. e4 Kd7 35. Ra8 Ne8 36. Rxa7+ Nc7 37. Rb7 Kc8 38. Rxb6 f5 39. a7
fxe4 40. fxe4 h6 41. Rb8+ 1-0

[Event "M.Botvinnik Memorial 2012"]
[Site "St. Petersburg, Russia"]
[Date "2012.08.31"]
[Round "7.109"]
[White "Kholova, Elena"]
[Black "Oxener, Aldo"]
[Result "1-0"]
[WhiteElo "1753"]
[BlackElo "1513"]
[PlyCount "119"]
[EventDate "2012.08.25"]

1. d4 d5 2. Nf3 Nf6 3. e3 Bg4 4. Bd3 e6 5. Nbd2 Nc6 6. a3 Bd6 7. O-O O-O 8. b3
e5 9. dxe5 Bxe5 10. Rb1 Bc3 11. Be2 Qd6 12. b4 Rfe8 13. Bb2 Bxb2 14. Rxb2 Rad8
15. Nd4 Bxe2 16. Nxe2 Ng4 17. Ng3 Qf6 18. Rb1 Nce5 19. h3 Nh6 20. Nf3 Nc4 21.
Rb3 Qd6 22. Qd4 a5 23. Rd1 c6 24. bxa5 Nxa5 25. Rbd3 Qc7 26. Qh4 f6 27. Qb4 b5
28. a4 bxa4 29. Qxa4 Nc4 30. Rb3 Ra8 31. Qb4 Ra2 32. c3 Rea8 33. Qb7 Qxb7 34.
Rxb7 Rc2 35. Rb3 Raa2 36. Nh1 Nf5 37. Nd4 Nfxe3 38. Nxc2 Nxc2 39. Rb8+ Kf7 40.
Ng3 Kg6 41. Rc8 Ra6 42. Ne2 N2a3 43. Nd4 Na5 44. Ra1 N3c4 45. Nb3 Kf5 46. Nxa5
Nxa5 47. Ra4 g5 48. g4+ Kg6 49. Rc7 Ra8 50. Rxc6 Nxc6 51. Rxa8 h6 52. Rc8 Ne7
53. Rd8 Kf7 54. Kg2 Ke6 55. Rh8 Ke5 56. Rxh6 f5 57. f3 fxg4 58. hxg4 Nc8 59.
Rg6 Kf4 60. Rf6+ 1-0

[Event "M.Botvinnik Memorial 2012"]
[Site "St. Petersburg, Russia"]
[Date "2012.08.31"]
[Round "7.111"]
[White "Sokolov, Ilia"]
[Black "Turetsky, Mark"]
[Result "1/2-1/2"]
[WhiteElo "1712"]
[BlackElo "1659"]
[PlyCount "72"]
[EventDate "2012.08.25"]

1. Nf3 d5 2. g3 c6 3. Bg2 Bf5 4. d3 Nf6 5. O-O e6 6. Nfd2 Be7 7. e4 dxe4 8.
dxe4 Bg6 9. Nc3 Nbd7 10. f4 h6 11. e5 Nd5 12. Nde4 N7b6 13. Qe2 Qc7 14. g4 Nxc3
15. Nxc3 Nd5 16. Nxd5 cxd5 17. f5 Bh7 18. c3 Bc5+ 19. Be3 O-O-O 20. Bxc5 Qxc5+
21. Qf2 Qxf2+ 22. Rxf2 Rhe8 23. fxe6 fxe6 24. Rf7 Rd7 25. Raf1 Kc7 26. Rxd7+
Kxd7 27. Rf7+ Re7 28. Rf8 Bd3 29. Bf1 Bxf1 30. Kxf1 Re8 31. Rf7+ Re7 32. Rf8
Re8 33. Rf7+ Re7 34. Rf8 Re8 35. Rf7+ Re7 36. Rf8 Re8 1/2-1/2

[Event "M.Botvinnik Memorial 2012"]
[Site "St. Petersburg, Russia"]
[Date "2012.09.01"]
[Round "8.1"]
[White "Aleksandrov, Aleksej"]
[Black "Inarkiev, Ernesto"]
[Result "1/2-1/2"]
[WhiteElo "2597"]
[BlackElo "2683"]
[PlyCount "71"]
[EventDate "2012.08.25"]

1. d4 d5 2. c4 c6 3. cxd5 cxd5 4. Nc3 Nf6 5. Nf3 Nc6 6. Bf4 a6 7. Rc1 Nh5 8.
Bd2 Nf6 9. Bf4 Bf5 10. e3 e6 11. Be2 Nd7 12. O-O Be7 13. Nd2 O-O 14. a3 Nb6 15.
Qb3 f6 16. Bg3 Bg6 17. Rfd1 Rc8 18. Qa2 Bf7 19. Qb1 Na5 20. Bd3 g6 21. b4 Nac4
22. Qb3 a5 23. Bf1 Nxd2 24. Rxd2 Nc4 25. Rdd1 Qd7 26. bxa5 Nxa5 27. Qb5 Qd8 28.
Qb2 Nc4 29. Qxb7 Bxa3 30. Rc2 Bd6 31. Rdc1 Bxg3 32. hxg3 Rb8 33. Qc6 Rc8 34.
Qb7 Rb8 35. Qc6 Rc8 36. Qb7 1/2-1/2

[Event "M.Botvinnik Memorial 2012"]
[Site "St. Petersburg, Russia"]
[Date "2012.09.01"]
[Round "8.2"]
[White "Areshchenko, Alexander"]
[Black "Bukavshin, Ivan"]
[Result "1-0"]
[WhiteElo "2691"]
[BlackElo "2476"]
[PlyCount "69"]
[EventDate "2012.08.25"]

1. e4 c5 2. Nf3 e6 3. d4 cxd4 4. Nxd4 Nc6 5. Nc3 Qc7 6. Be2 a6 7. O-O Nf6 8.
Be3 Bb4 9. Na4 Ne7 10. c4 Nxe4 11. Nf3 d6 12. Bb6 Qb8 13. Qd4 Nc5 14. Bxc5 e5
15. Qe3 Bxc5 16. Nxc5 dxc5 17. Qxc5 f6 18. Rfd1 Kf7 19. Rd6 Bf5 20. Nxe5+ fxe5
21. Qxe5 Rd8 22. c5 b5 23. Rad1 Re8 24. Bf3 Ra7 25. Bc6 Rf8 26. Bd5+ Ke8 27.
Re1 Rd7 28. Bc6 Rf7 29. Red1 Rf6 30. Bxd7+ Bxd7 31. Qh5+ g6 32. Qxh7 Rf7 33.
Qh8+ Rf8 34. Qd4 Nf5 35. Re1+ 1-0

[Event "M.Botvinnik Memorial 2012"]
[Site "St. Petersburg, Russia"]
[Date "2012.09.01"]
[Round "8.3"]
[White "Alekseev, Evgeny"]
[Black "Romanov, Evgeny"]
[Result "1/2-1/2"]
[WhiteElo "2673"]
[BlackElo "2595"]
[PlyCount "72"]
[EventDate "2012.08.25"]

1. e4 e6 2. d4 d5 3. Nc3 Bb4 4. exd5 exd5 5. Bd3 Nc6 6. a3 Bxc3+ 7. bxc3 Nge7
8. Qh5 Be6 9. Rb1 b6 10. Nf3 Qd7 11. Ng5 g6 12. Qf3 O-O-O 13. Nxe6 Qxe6+ 14.
Qe2 Qxe2+ 15. Kxe2 Rde8 16. f3 Nf5+ 17. Kf2 Nd6 18. h4 h5 19. Bf4 Kd7 20. Rbe1
Rxe1 21. Rxe1 Na5 22. Be5 Re8 23. Bxd6 Rxe1 24. Kxe1 Kxd6 25. Kf2 Nc4 26. Bxc4
dxc4 27. Ke3 c6 28. Kf4 f6 29. g4 Ke6 30. gxh5 gxh5 31. Ke4 f5+ 32. Kf4 Kf6 33.
Ke3 Ke7 34. Kf4 Kf6 35. Ke3 Ke7 36. Kf4 Kf6 1/2-1/2

[Event "M.Botvinnik Memorial 2012"]
[Site "St. Petersburg, Russia"]
[Date "2012.09.01"]
[Round "8.4"]
[White "Demchenko, Anton"]
[Black "Zvjaginsev, Vadim"]
[Result "0-1"]
[WhiteElo "2603"]
[BlackElo "2671"]
[PlyCount "50"]
[EventDate "2012.08.25"]

1. e4 e5 2. Nf3 Nc6 3. d4 exd4 4. Nxd4 Bc5 5. Nb3 Bb6 6. Nc3 d6 7. Qe2 Be6 8.
Be3 Nf6 9. O-O-O Qe7 10. f3 O-O-O 11. Bxb6 axb6 12. Nd4 Kb8 13. Qe3 Nxd4 14.
Rxd4 Rhe8 15. g4 h6 16. h4 d5 17. g5 Nh5 18. Bb5 c5 19. Ra4 d4 20. Qd2 hxg5 21.
Qh2+ Nf4 22. Bxe8 dxc3 23. hxg5 Qxg5 24. Bb5 Rd2 25. Qh4 Ne2+ 0-1

[Event "M.Botvinnik Memorial 2012"]
[Site "St. Petersburg, Russia"]
[Date "2012.09.01"]
[Round "8.6"]
[White "Pakhomov, Egor"]
[Black "Khalifman, Alexander"]
[Result "1/2-1/2"]
[WhiteElo "2417"]
[BlackElo "2621"]
[PlyCount "94"]
[EventDate "2012.08.25"]

1. d4 Nf6 2. Nf3 g6 3. Nbd2 d5 4. e3 c5 5. dxc5 Bg7 6. c3 O-O 7. b4 b6 8. cxb6
Qxb6 9. Bb2 Nc6 10. b5 Bg4 11. Be2 a6 12. c4 Bxf3 13. Bxf3 axb5 14. cxd5 Nb4
15. Qb3 Nfxd5 16. Bxg7 Ra3 17. Bd4 Qa6 18. Qb1 e5 19. Bb2 Nxe3 20. Be4 Rc8 21.
Bxa3 Nbc2+ 22. Bxc2 Nxc2+ 23. Kf1 b4+ 24. Kg1 Qxa3 25. Qc1 Qa8 26. Nb3 Nxa1 27.
Qxa1 Rc2 28. h4 Qxa2 29. Qxa2 Rxa2 30. Rh3 Rc2 31. Rd3 Kg7 32. Rd2 Rxd2 33.
Nxd2 f5 34. Kf1 Kh6 35. Ke2 Kh5 36. Kd3 e4+ 37. Kc4 Kxh4 38. Kxb4 e3 39. Nf3+
Kg4 40. fxe3 Kg3 41. Ng5 h6 42. e4 fxe4 43. Nxe4+ Kxg2 44. Kc4 h5 45. Kd4 h4
46. Ke3 h3 47. Kf4 h2 1/2-1/2

[Event "M.Botvinnik Memorial 2012"]
[Site "St. Petersburg, Russia"]
[Date "2012.09.01"]
[Round "8.7"]
[White "Matlakov, Maxim"]
[Black "Iljiushenok, Ilia"]
[Result "1-0"]
[WhiteElo "2663"]
[BlackElo "2413"]
[PlyCount "57"]
[EventDate "2012.08.25"]

1. d4 d6 2. e4 g6 3. Nc3 Bg7 4. Nf3 a6 5. h3 b5 6. Bd3 Bb7 7. O-O Nd7 8. a4 b4
9. Ne2 Ngf6 10. Ng3 O-O 11. c3 a5 12. Re1 e6 13. Bf4 Qe7 14. Qd2 c5 15. e5 dxe5
16. dxe5 Nd5 17. Bg5 bxc3 18. bxc3 Qe8 19. Bb5 Qc8 20. c4 N5b6 21. Ne4 Bc6 22.
Nf6+ Kh8 23. Bxc6 Qxc6 24. Qf4 Rfc8 25. Bh6 Bxf6 26. exf6 e5 27. Bg7+ Kg8 28.
Qh6 Nxc4 29. Bh8 1-0

[Event "M.Botvinnik Memorial 2012"]
[Site "St. Petersburg, Russia"]
[Date "2012.09.01"]
[Round "8.8"]
[White "Timofeev, Artyom"]
[Black "Ovetchkin, Roman"]
[Result "1-0"]
[WhiteElo "2639"]
[BlackElo "2526"]
[PlyCount "131"]
[EventDate "2012.08.25"]

1. e4 e5 2. Nf3 Nc6 3. Bb5 Nf6 4. d3 d6 5. c3 Bd7 6. Nbd2 g6 7. Nf1 Bg7 8. Ng3
O-O 9. Ba4 Qe8 10. Bc2 Kh8 11. O-O Nd8 12. d4 Ng8 13. Re1 f6 14. h3 Ne6 15. Be3
Bh6 16. Nf1 Bxe3 17. Rxe3 Nf4 18. Kh2 Rd8 19. Ng1 g5 20. Re1 Nh6 21. Ne3 g4 22.
Nxg4 Nxg4+ 23. hxg4 Rg8 24. f3 h5 25. Nh3 hxg4 26. Nxf4 g3+ 27. Kg1 exf4 28.
Kf1 Qh5 29. Ke2 Qb5+ 30. Kd2 Kg7 31. b4 Rh8 32. a4 Qg5 33. Bd3 Rh2 34. Re2 Be6
35. a5 Rdh8 36. Qa4 a6 37. b5 axb5 38. Bxb5 Rh1 39. Rxh1 Rxh1 40. Bd3 Qh5 41.
e5 fxe5 42. dxe5 dxe5 43. Qb4 Ra1 44. Qe7+ Bf7 45. Rxe5 Ra2+ 46. Bc2 Qg6 47.
Rg5 Rxc2+ 48. Kd1 Rxg2 49. Rxg6+ Kxg6 50. Qe4+ Kg7 51. Qxf4 c6 52. Ke1 Rg1+ 53.
Ke2 Rg2+ 54. Kf1 Rb2 55. Qxg3+ Kf6 56. Qf4+ Ke6 57. Qc7 Bg6 58. f4 Rb5 59. Kf2
Bd3 60. Ke3 Bf1 61. a6 bxa6 62. Qxc6+ Kf5 63. Qd7+ Kf6 64. Kf2 Rb1 65. Qd4+ Kf7
66. Qd5+ 1-0

[Event "M.Botvinnik Memorial 2012"]
[Site "St. Petersburg, Russia"]
[Date "2012.09.01"]
[Round "8.9"]
[White "Khismatullin, Denis"]
[Black "Goganov, Aleksey"]
[Result "1/2-1/2"]
[WhiteElo "2636"]
[BlackElo "2525"]
[PlyCount "140"]
[EventDate "2012.08.25"]

1. d4 d5 2. c4 e6 3. Nc3 Be7 4. Nf3 Nf6 5. Qc2 c5 6. dxc5 Na6 7. Bf4 O-O 8. e3
Nxc5 9. Be2 b6 10. O-O Bb7 11. Rfd1 Rc8 12. Rac1 h6 13. h3 a6 14. cxd5 Nxd5 15.
Nxd5 Bxd5 16. Bc4 Nd7 17. Qe2 Bxc4 18. Rxc4 Rxc4 19. Qxc4 b5 20. Qc2 Qe8 21.
Qc7 Nf6 22. Qb7 Nd5 23. Qxa6 Nxf4 24. exf4 Bf6 25. b3 Qa8 26. Qxa8 Rxa8 27. Rd2
Kh7 28. Kf1 g5 29. fxg5 hxg5 30. Ke2 Kg6 31. Rc2 Bg7 32. h4 gxh4 33. Nxh4+ Kh5
34. g3 f5 35. Ng2 Be5 36. Ne1 Kg6 37. Nd3 Bd4 38. Nb4 Kf6 39. Kd3 Bb6 40. Ke2
Ba5 41. Nd3 Bb6 42. Kf3 Bd4 43. Nf4 Ra6 44. Ne2 Be5 45. Ke3 Bb8 46. Nc3 Rb6 47.
b4 Rb7 48. Rd2 Be5 49. Rd3 Kg6 50. a3 Bg7 51. Kd2 Kg5 52. Rd6 Kg4 53. Nd1 e5
54. Ke2 f4 55. Nc3 fxg3 56. Rg6+ Kf5 57. Rxg3 e4 58. Nd5 Bd4 59. Rh3 Ra7 60.
Ne3+ Bxe3 61. Rxe3 Kf4 62. Rh3 Ke5 63. Rh5+ Kd4 64. Rxb5 Rxa3 65. Rb8 Ra2+ 66.
Kf1 Rb2 67. b5 Kc5 68. Re8 Kd4 69. Rd8+ Kc5 70. Rc8+ Kd4 1/2-1/2

[Event "M.Botvinnik Memorial 2012"]
[Site "St. Petersburg, Russia"]
[Date "2012.09.01"]
[Round "8.10"]
[White "Lysyj, Igor"]
[Black "Levin, Evgeny A"]
[Result "1-0"]
[WhiteElo "2624"]
[BlackElo "2512"]
[PlyCount "83"]
[EventDate "2012.08.25"]

1. d4 d6 2. Nf3 Nf6 3. c4 g6 4. Nc3 Bg7 5. e3 O-O 6. Be2 Nbd7 7. O-O e5 8. b4
Re8 9. Bb2 exd4 10. Nxd4 Ne5 11. Qb3 Bg4 12. f3 Bd7 13. Rad1 Nc6 14. Nc2 Nh5
15. Nd5 Bxb2 16. Qxb2 Ne7 17. Nc3 a5 18. b5 Nc8 19. Rfe1 Nb6 20. Bf1 Qf6 21.
Qa3 Qe7 22. e4 Be6 23. Ne3 Nf6 24. f4 Ng4 25. Ncd5 Qh4 26. Nxg4 Nxd5 27. cxd5
Bxg4 28. Rc1 b6 29. g3 Qd8 30. Qc3 Rc8 31. h3 Bd7 32. Re3 Qe7 33. e5 dxe5 34.
fxe5 Bf5 35. g4 Qg5 36. Kh1 Bd7 37. Rce1 Red8 38. e6 Be8 39. Re5 Qf4 40. Bg2
Qb4 41. Qf3 Qd4 42. Qf6 1-0

[Event "M.Botvinnik Memorial 2012"]
[Site "St. Petersburg, Russia"]
[Date "2012.09.01"]
[Round "8.11"]
[White "Hovhannisyan, Robert"]
[Black "Fedoseev, Vladimir"]
[Result "1-0"]
[WhiteElo "2612"]
[BlackElo "2498"]
[PlyCount "115"]
[EventDate "2012.08.25"]

1. e4 e6 2. d4 d5 3. Nc3 Bb4 4. e5 c5 5. a3 Bxc3+ 6. bxc3 Qa5 7. Bd2 Qa4 8. Rb1
c4 9. Bc1 Nc6 10. Nf3 b6 11. g3 Bd7 12. Bh3 h6 13. O-O O-O-O 14. Nh4 g5 15. Ng2
f5 16. exf6 Nxf6 17. Ne3 h5 18. Bg2 g4 19. Qe2 h4 20. Nd1 Rdg8 21. Ra1 Rh5 22.
Bf4 Re8 23. Qd2 hxg3 24. Bxg3 e5 25. Re1 Qa5 26. Re2 Re6 27. Qe1 e4 28. Qd2 b5
29. Rb1 Ne7 30. a4 Qxa4 31. Qf4 Kd8 32. Ne3 Rb6 33. Ree1 Qa5 34. Qc7+ Ke8 35.
Be5 Qxc3 36. Qxa7 Re6 37. Re2 Nc8 38. Qc5 Rexe5 39. Nd1 Qa5 40. dxe5 Rxe5 41.
Qd4 Qc7 42. Ra1 Ne7 43. Ne3 Nc6 44. Ra8+ Kf7 45. Qc5 Be8 46. Qa3 b4 47. Qa6 Bd7
48. Re1 Kg7 49. Nf1 Nd4 50. Ra7 Qc5 51. Ne3 Re7 52. Rd1 Ne2+ 53. Kh1 Nc3 54.
Rg1 Kg6 55. Bh3 Bc8 56. Nxg4 Bxa6 57. Rxa6 Kf7 58. Nh6+ 1-0

[Event "M.Botvinnik Memorial 2012"]
[Site "St. Petersburg, Russia"]
[Date "2012.09.01"]
[Round "8.12"]
[White "Fedorov, Alexei"]
[Black "Kopylov, Alexander A"]
[Result "1-0"]
[WhiteElo "2579"]
[BlackElo "2449"]
[PlyCount "179"]
[EventDate "2012.08.25"]

1. e4 e6 2. d3 c5 3. Nf3 Nc6 4. c3 d5 5. Qe2 Nf6 6. g3 Be7 7. Bg2 O-O 8. O-O b6
9. e5 Ne8 10. h4 Nc7 11. Bf4 a5 12. Nbd2 a4 13. a3 b5 14. Rfc1 Bb7 15. d4 b4
16. cxb4 cxb4 17. Bg5 h6 18. Bxe7 Qxe7 19. Qe3 bxa3 20. bxa3 Na5 21. Rc5 Nc4
22. Nxc4 dxc4 23. Rxc4 Rfd8 24. Qc1 Nb5 25. Qb2 Qd7 26. Rb4 Ra5 27. Rd1 Bd5 28.
Ne1 Na7 29. Rb8 Bxg2 30. Nxg2 Nc6 31. Rxd8+ Nxd8 32. Ne3 Rb5 33. Qc2 Rb3 34. d5
Qb7 35. Rc1 exd5 36. Qc8 Qb6 37. e6 fxe6 38. Rc7 Qd6 39. Kg2 h5 40. Nc2 e5 41.
Ne3 g6 42. Rd7 Rb8 43. Rxd6 Rxc8 44. Nxd5 Kf7 45. Rf6+ Kg7 46. Rxg6+ Kxg6 47.
Ne7+ Kf6 48. Nxc8 Ne6 49. Nb6 Nd4 50. Nxa4 Nb5 51. Kf3 Kf5 52. Nb6 Nxa3 53. Nd5
Nb5 54. Ne3+ Ke6 55. Ke4 Nd6+ 56. Kd3 Nb5 57. Nc4 Kf5 58. Ke3 Ke6 59. Nd2 Kf5
60. Ne4 Nc7 61. f3 Nd5+ 62. Ke2 Ne7 63. Nf2 Ke6 64. Kf1 Nf5 65. Kg2 Kf7 66. Ne4
Kg6 67. Kh3 Nd4 68. Nd2 Kf5 69. Kg2 Ne6 70. Nc4 Nd4 71. Ne3+ Kg6 72. g4 Ne6 73.
Kg3 Nf4 74. Nc4 Kf6 75. Nd2 Kg6 76. Ne4 Ne2+ 77. Kf2 Nf4 78. Ng3 Nd3+ 79. Ke3
Nf4 80. gxh5+ Kf6 81. Ke4 Nh3 82. h6 Nf2+ 83. Kd5 Nh3 84. h5 Nf4+ 85. Kd6 Nh3
86. Ne4+ Kf7 87. Kxe5 Kg8 88. Kf5 Kh8 89. Ng5 Nf2 90. Kg6 1-0

[Event "M.Botvinnik Memorial 2012"]
[Site "St. Petersburg, Russia"]
[Date "2012.09.01"]
[Round "8.13"]
[White "Belozerov, Andrei"]
[Black "Grigoryan, Avetik"]
[Result "1/2-1/2"]
[WhiteElo "2504"]
[BlackElo "2579"]
[PlyCount "131"]
[EventDate "2012.08.25"]

1. d4 Nf6 2. c4 e6 3. Nc3 c5 4. d5 exd5 5. cxd5 g6 6. e4 d6 7. f4 Bg7 8. Bb5+
Nfd7 9. a4 O-O 10. Nf3 Na6 11. O-O Nb4 12. Re1 a6 13. Bf1 Re8 14. h3 f5 15. Qb3
fxe4 16. Nxe4 Nf8 17. Bd2 Bf5 18. Bxb4 Bxe4 19. Bxc5 Bxf3 20. Bb6 Rxe1 21. Rxe1
Qh4 22. Bf2 Qxf4 23. Qxf3 Qxf3 24. gxf3 Kf7 25. Rc1 Re8 26. b4 Re7 27. a5 Bh6
28. Rc4 Be3 29. h4 Bxf2+ 30. Kxf2 Nd7 31. Bh3 Ne5 32. Rc3 Kf6 33. f4 Nf7 34.
Kf3 Nh6 35. Rc8 Re1 36. Rc7 Rb1 37. Rxb7 Rb3+ 38. Kg2 Nf5 39. Rxh7 Ne3+ 40. Kf2
Nxd5 41. Rd7 Nxf4 42. Bf1 Ke5 43. Bxa6 Rxb4 44. Bf1 Rb2+ 45. Kg3 Rb1 46. Re7+
Kf6 47. Re4 Nh5+ 48. Kf2 Ra1 49. a6 Kf5 50. Rb4 Nf6 51. Bd3+ Ke5 52. Rb5+ Kd4
53. Rb6 Ng4+ 54. Kg3 Ne5 55. Be2 d5 56. Re6 Ra2 57. Bd1 Rd2 58. a7 Ra2 59. Re7
Nc6 60. Re6 Ne5 61. Re7 Nc6 62. Re6 Ne5 63. Re7 Nc6 64. Rg7 Rxa7 65. Rxa7 Nxa7
66. Bc2 1/2-1/2

[Event "M.Botvinnik Memorial 2012"]
[Site "St. Petersburg, Russia"]
[Date "2012.09.01"]
[Round "8.14"]
[White "Bodnaruk, Anastasia"]
[Black "Popov, Valerij"]
[Result "0-1"]
[WhiteElo "2414"]
[BlackElo "2557"]
[PlyCount "48"]
[EventDate "2012.08.25"]

1. e4 c5 2. Nf3 e6 3. Nc3 a6 4. g3 b5 5. d4 cxd4 6. Nxd4 Bb7 7. Bg2 Nf6 8. a3
d6 9. O-O Qc7 10. Re1 Be7 11. a4 bxa4 12. Nxa4 O-O 13. c4 Nc6 14. b3 Rfe8 15.
Bb2 Nd7 16. Re3 h6 17. h4 Bf6 18. Nxc6 Bxc6 19. Bxf6 Nxf6 20. Nc3 Re7 21. Rd3
Ne8 22. Ne2 e5 23. Nc3 Qb6 24. b4 Qxb4 {unreadable} 0-1

[Event "M.Botvinnik Memorial 2012"]
[Site "St. Petersburg, Russia"]
[Date "2012.09.01"]
[Round "8.15"]
[White "Alekseenko, Kirill"]
[Black "Yevseev, Denis"]
[Result "0-1"]
[WhiteElo "2430"]
[BlackElo "2535"]
[PlyCount "82"]
[EventDate "2012.08.25"]

1. e4 c6 2. d4 d5 3. e5 Bf5 4. Nf3 e6 5. Be2 Ne7 6. O-O c5 7. c3 Nec6 8. Nbd2
Nd7 9. Nb3 c4 10. Nbd2 b5 11. Ne1 Bg6 12. f4 Be7 13. g4 f5 14. exf6 Nxf6 15. g5
Ne4 16. Bh5 Nd6 17. Bxg6+ hxg6 18. Qg4 Nf5 19. Ndf3 Bd6 20. Bd2 Qd7 21. Nc2 Kf7
22. b4 a5 23. a3 Ra7 24. h4 axb4 25. axb4 Nce7 26. Rxa7 Qxa7 27. Ra1 Qb7 28.
Kf2 Ra8 29. Qg1 Rxa1 30. Qxa1 Qb8 31. Qc1 Bc7 32. Kg2 Qh8 33. Qh1 Qh5 34. Qh3
Nc8 35. Ne3 Ncd6 36. Nxf5 gxf5 37. Ne5+ Kg8 38. Qf3 Qxh4 39. Qe3 Ne4 40. Be1
Qh5 41. Qf3 Qxf3+ 0-1

[Event "M.Botvinnik Memorial 2012"]
[Site "St. Petersburg, Russia"]
[Date "2012.09.01"]
[Round "8.16"]
[White "Sichinava, Zviad"]
[Black "Pridorozhni, Aleksei"]
[Result "0-1"]
[WhiteElo "2322"]
[BlackElo "2533"]
[PlyCount "142"]
[EventDate "2012.08.25"]

1. d4 e6 2. Nf3 d5 3. c4 c6 4. g3 Bd6 5. Bg2 f5 6. O-O Nf6 7. b3 Qe7 8. Bb2 b6
9. Qc1 Bb7 10. Ba3 Bxa3 11. Qxa3 Nbd7 12. Qxe7+ Kxe7 13. Nbd2 c5 14. e3 Rac8
15. Rac1 Rhd8 16. Rfd1 g6 17. a3 Ne4 18. Nxe4 dxe4 19. Ne5 Rc7 20. f4 Nxe5 21.
dxe5 Rcd7 22. Rxd7+ Rxd7 23. Bf1 Rd2 24. Ra1 Rb2 25. b4 a5 26. b5 Rd2 27. a4
Bc8 28. Re1 Bd7 29. Be2 Kd8 30. g4 Ra2 31. g5 Rxa4 32. Rc1 Ra2 33. Kf2 Ra3 34.
Rc2 Ra1 35. Rc3 a4 36. h3 Bc8 37. Bf1 Bb7 38. Be2 Kc7 39. Rc2 a3 40. Rc3 Bd5
41. h4 Kb7 42. h5 Kc7 43. h6 Kd8 44. cxd5 exd5 45. Bh5 d4 46. exd4 cxd4 47. Rc4
a2 48. Rxd4+ Ke7 49. Ra4 Rh1 50. Bxg6 hxg6 51. h7 Rxh7 52. Kg3 Rh1 53. Rxa2 Rf1
54. Ra3 Ke6 55. Rc3 Kd5 56. Ra3 Rg1+ 57. Kf2 Rg4 58. Ra6 Rxf4+ 59. Ke2 Kxe5 60.
Rxb6 Rg4 61. Rxg6 f4 62. Rg8 Rg2+ 63. Ke1 f3 64. Rf8 Rxg5 65. b6 Rg1+ 66. Kf2
Rg2+ 67. Ke1 Rb2 68. Rb8 Kd4 69. b7 Ke3 70. Kd1 Rb1+ 71. Kc2 f2 0-1

[Event "M.Botvinnik Memorial 2012"]
[Site "St. Petersburg, Russia"]
[Date "2012.09.01"]
[Round "8.17"]
[White "Maletin, Pavel"]
[Black "Kharchenko, Boris"]
[Result "0-1"]
[WhiteElo "2587"]
[BlackElo "2476"]
[PlyCount "136"]
[EventDate "2012.08.25"]

1. d4 d5 2. c4 c6 3. Nf3 Nf6 4. Nc3 dxc4 5. a4 Bf5 6. e3 e6 7. Bxc4 Bb4 8. O-O
Nbd7 9. Qe2 Bg4 10. Rd1 O-O 11. e4 Qa5 12. h3 Bxf3 13. Qxf3 e5 14. d5 Nb6 15.
Bb3 Bxc3 16. bxc3 cxd5 17. exd5 Rac8 18. c4 Nbd7 19. Bg5 Qa6 20. Rac1 Qd6 21.
Bc2 g6 22. Bb1 b6 23. Qg3 Nh5 24. Qh4 Rce8 25. Bh6 Ng7 26. a5 f5 27. axb6 axb6
28. Bc2 Nc5 29. Ra1 Rf7 30. Ra3 f4 31. Rda1 Qb8 32. f3 Nh5 33. Qg5 Qd8 34. Qxd8
Rxd8 35. Ra8 Rfd7 36. Bg5 Rxa8 37. Rxa8+ Kf7 38. Bd8 Rb7 39. Rc8 Ra7 40. Rc7+
Rxc7 41. Bxc7 Nd7 42. Ba4 Nhf6 43. Bc6 Ke7 44. Kf1 Ne8 45. d6+ Nxd6 46. Bxd7
Kxd7 47. Bxb6 Nxc4 48. Ba7 Ke6 49. Kf2 Nd6 50. g3 g5 51. gxf4 gxf4 52. Bb8 Nf7
53. Bc7 Kd5 54. Bb8 Ng5 55. Kg2 Kd4 56. Ba7+ Kd3 57. Bb8 Ke3 58. Bxe5 Nxf3 59.
Bc7 Ne1+ 60. Kf1 Nd3 61. Kg2 Ke2 62. Bxf4 Nxf4+ 63. Kg3 Ke3 64. Kg4 h5+ 65. Kh4
Kf3 66. Kg5 Kg3 67. h4 Kf3 68. Kf5 Ne2 0-1

[Event "M.Botvinnik Memorial 2012"]
[Site "St. Petersburg, Russia"]
[Date "2012.09.01"]
[Round "8.18"]
[White "Lovkov, Roman"]
[Black "Tiviakov, Sergei"]
[Result "1/2-1/2"]
[WhiteElo "2424"]
[BlackElo "2674"]
[PlyCount "116"]
[EventDate "2012.08.25"]

1. d4 Nf6 2. Nf3 e6 3. g3 b6 4. Bg2 Bb7 5. O-O d5 6. c4 c6 7. Nc3 Be7 8. Nd2
O-O 9. e4 Na6 10. e5 Nd7 11. cxd5 cxd5 12. a3 Nc7 13. Nf3 b5 14. h4 a5 15. Ne2
Ba6 16. Re1 a4 17. Bg5 Nb6 18. Nf4 b4 19. axb4 Bc4 20. Bf1 h6 21. Bxe7 Qxe7 22.
Nh5 Rfb8 23. Nh2 Ne8 24. Ng4 Bxf1 25. Kxf1 Qxb4 26. Kg2 Nc4 27. Ne3 Nxb2 28.
Qg4 Qe7 29. Rec1 a3 30. Ra2 Nd3 31. Rca1 Rb2 32. Nc2 Nxf2 33. Kxf2 Rc8 34. Rxa3
Rcxc2+ 35. Ke3 Qc7 36. Nf4 Rc3+ 37. Nd3 Rbb3 38. Rxb3 Rxb3 39. Qd1 Qc4 40. Ra8
Kf8 41. Ra5 h5 42. Rc5 Qb4 43. Qc1 Qa3 44. Qd1 g6 45. Rc8 Rc3 46. Rb8 Qa2 47.
Qf1 Qc2 48. Rb7 Rc7 49. Rb8 Rc8 50. Rb7 Rc7 51. Rb8 Qc3 52. Qf6 Rc8 53. Qh8+
Ke7 54. Rb7+ Rc7 55. Rb8 Rc8 56. Rb7+ Rc7 57. Rb8 Rc8 58. Rb7+ Rc7 1/2-1/2

[Event "M.Botvinnik Memorial 2012"]
[Site "St. Petersburg, Russia"]
[Date "2012.09.01"]
[Round "8.19"]
[White "Andriasian, Zaven"]
[Black "Malakhov, Igor"]
[Result "1-0"]
[WhiteElo "2600"]
[BlackElo "2442"]
[PlyCount "93"]
[EventDate "2012.08.25"]

1. e4 c5 2. Nf3 Nc6 3. Bb5 e6 4. O-O Nge7 5. c3 a6 6. Ba4 b5 7. Bc2 Bb7 8. Qe2
d5 9. e5 d4 10. Be4 Nd5 11. d3 Be7 12. cxd4 cxd4 13. Nbd2 f5 14. exf6 gxf6 15.
Nh4 Ne5 16. Nb3 Qb6 17. f4 Nf7 18. f5 e5 19. Bd2 Nd6 20. Ba5 Qa7 21. Rac1 Rf8
22. Qh5+ Rf7 23. Bxd5 Bxd5 24. Rc7 Qb8 25. Rfc1 Ra7 26. Rxa7 Qxa7 27. Rc7 Nb7
28. Ng6 Bd8 29. Rxf7 Bxf7 30. Bxd8 Nxd8 31. Qxh7 Qb6 32. h4 e4 33. dxe4 d3+ 34.
Kh1 Qe3 35. e5 Bxg6 36. Qxg6+ Nf7 37. Qg8+ Ke7 38. exf6+ Kxf6 39. Qg6+ Ke5 40.
Qg7+ Kf4 41. Kh2 Qf2 42. Kh3 Qf1 43. Qd4+ Kxf5 44. Nd2 Qh1+ 45. Kg3 Ne5 46.
Qe4+ Kf6 47. Nf3 1-0